Normal view
MARC view
Entry Personal Name
001 - CONTROL NUMBER
- control field: 27610
003 - CONTROL NUMBER IDENTIFIER
- control field: OSt
005 - DATE AND TIME OF LATEST TRANSACTION
- control field: 20220405122237.0
008 - FIXED-LENGTH DATA ELEMENTS
- fixed length control field: 220405|| aca||aabn | a|a d
040 ## - CATALOGING SOURCE
- Original cataloging agency: OSt
- Transcribing agency: OSt
100 ## - HEADING--PERSONAL NAME
- Personal name: ARYAMBA PATTABHI
670 ## - SOURCE DATA FOUND
- Source citation: Work cat.: (OSt)80967: ARYAMBA PATTABHI., Badukina bavaneyalli ಬದುಕಿನ ಬವಣೆಯಲ್ಲಿ, 1970